Dog Man Characters - Statistics

General Stats
  • This quiz has been taken 173 times
  • The average score is 10 of 16
Answer Stats
Hint Answer % Correct
The Bark Knight Dog Man
96%
Evil Cat Petey the Cat
95%
Clone of Above L'il Petey
89%
Reporter Sarah Hatoff
78%
Comic Making Fish Flippy
74%
Tadpole Girl Molly
73%
Reporter's Dog Zuzu
70%
Loves Cupcakes Big Jim
67%
Eviler Cat Grampa
66%
Used to be a White Guy Chief
57%
Returned in Ball Rolls Dr. Scum
39%
Arch Enemy of Evil Cat Piggy
35%
Villains from #1 The Mayor
33%
Flat Top George Beard
28%
T-Shirt Harold Hutchins
27%
Animal Sneedly Melvin the Frog
24%
No matching quizzes found
Score Distribution
Percent of People with Each Score
Percentile by Number Answered
Your Score History
You have not taken this quiz